000
00174 a2200085 4500
001
1230046
005
20250915140246.0
245
_a
_c
ICO ROMERO REYES
260
_b
999
_c
1230046
_d
1230046